| 000 -ლიდერი |
| ფიქსირებული სიგრძის საკონტროლო ველი |
01256nam a2200241Ia 4500 |
| 001 - საკონტროლო ნომერი |
| საკონტროლო ველი |
3926 |
| 003 - საკონტროლო ნომრის იდენტიფიკატორი |
| საკონტროლო ველი |
GE_BSU |
| 005 - ბოლო ოპერაციის თარიღი და დრო |
| საკონტროლო ველი |
20190917121807.0 |
| 008 - ფიქსირებული სიგრძის მონაცემთა ელემენტები - ზოგადი ინფორმაცია |
| ფიქსირებული სიგრძის საკონტროლო ველი |
181216s1951||||ge |||||||||||||| ||geo|| |
| 040 ## - კატალოგიზაციის წყარო |
| Transcribing agency |
GE_BSU |
| 041 ## - ენის კოდი |
| Language code of text/sound track or separate title |
geo |
| 080 ## - უნივერსალური ათობითი კლასიფიკაციის ინდექსი |
| Universal Decimal Classification number |
37.01(092) ი–70 |
| 100 ## - მთავარი ჩანაწერი - პიროვნების სახელი |
| Personal name |
იოვიძე, ა. |
| 9 (RLIN) |
4049 |
| 245 ## - ცნობა სათაურის შესახებ |
| Title |
იაკობ გოგებაშვილი : |
| Remainder of title |
(დოკუმენტალური მასალები) / |
| Statement of responsibility, etc |
საქ. სსრ საარქივო სამმართველო; რედ. მ. გაბრიჩიძე. |
| 264 ## - წარმოების, გამოცემის, დისტრიბუციის და სხვა ცნობები |
| გამოცემის, წარმოების, დისტრიბუციის... ადგილი |
თბ. : |
| გამოცემის, წარმოების, დისტრიბუციის... სახელწოდება |
სსრ შსს საარქივო სამმართვ. გამ-ბა, |
| გამოცემის, წარმოების, დისტრიბუციის... თარიღი |
1951 |
| 300 ## - ფიზიკური აღწერა |
| Extent |
242 გვ. ; |
| Other physical details |
24 სმ. |
| 500 ## - ზოგადი შენიშვნა |
| General note |
გაშლილი თავფურც. და ტექსტი პარალელურად ქართულ და რუსულ ენებზე. |
| 501 ## - შენიშვნა თანმხლებ მასალაზე |
| With note |
ბიბლიოგრ. შენიშვნებში. |
| 600 ## - SUBJECT ADDED ENTRY--PERSONAL NAME |
| Personal name |
გოგებაშვილი იაკობ |
| 9 (RLIN) |
2095 |
| 653 ## - INDEX TERM--UNCONTROLLED |
| Uncontrolled term |
დოკუმენტალური მასალები |
| 700 ## - ADDED ENTRY--PERSONAL NAME |
| Personal name |
გაბრიჩიძე, მ. |
| Relator term |
რედაქტორი |
| 9 (RLIN) |
4053 |
| 942 ## - ADDED ENTRY ELEMENTS (KOHA) |
| Koha item type |
წიგნი |
| Source of classification or shelving scheme |
|